000 00694nam a2200217Ia 4500
005 20240117093613.0
008 131103s9999 xx 000 0 und d
040 _aLoreto College
041 _aEnglish
082 _a327.1(I)
_bBAN
100 _aBandyopadhyaya, J.
245 4 _aThe Making of India's foreign policy
_b determinats, institutions, processes and personalities
_cJ. Bandyopadhyaya
260 _aBombay
_bAllied Publishers
_c1970
300 _axi,286 p.
504 _aIncludes bibliographical references and index
630 _aIndia - Foreign Policy
650 _aPolitics - International Relations -
651 _aPolitical Science -
850 _aLCLIB
942 _cBK
999 _c1709
_d52188